00441nam a2200181Ia 4500008004100000020001800041050001400059100002800073245002800101245002900129260001500158260001600173260000900189300001600198300002700214300001000241500000800251170918s9999 xx 000 0 und d a9780545356329 bH293 2009 aHarper, Charise Mericle aJust Grace goes green / cChaqrise Mericle Harper. aNew York : bScholastic, c2009 a178 pages : bcolored illustration ; c20cm. a950